| 000 | 00468nam a2200157 i 4500 | ||
|---|---|---|---|
| 001 | 24951 | ||
| 003 | ES-MaACL | ||
| 005 | 20230906153151.0 | ||
| 007 | t| | ||
| 008 | 021219s1979 sp ||||1| spa d | ||
| 100 | 1 |
_aAngulo Iñiguez, Diego. _921788 |
|
| 245 | 1 | 0 |
_aMuseo del Prado _b: pintura italiana anterior a 1600 / _cDiego Angulo Iñiguez. |
| 260 |
_a[Madrid] : _bGredos, _c[1979] |
||
| 300 |
_a238 p., 49 lám. ; _c19 cm. |
||
| 852 |
_aES-MaACL _jA-10422 _bR.99534 |
||
| 999 |
_c24951 _d24951 |
||